Szczegóły MARC21

"Denn es ist noch nichts geschehen" : Walter Benjamins Kafka-Deutung /

003 -Nazwa inst., której nr kontr. jest w polu 001 [,]
    • @
    • Nazwa instytucji, której n kontrolny jest w polu 001
    • NUKAT
005 -DATA I CZAS OSTATNIEJ MODYFIKACJI [,]
    • @
    • pole kontrolne
    • 20241231103410.0
020 -Międzynarod. znormalizowany nr książki - ISBN [ , ]
    • a
    • Numer ISBN
    • 3412136956 Find
040 -Instytucja sporządzająca opis [ , ]
    • a
    • Instytucja, która sporządziła opis (NP)
    • SZCZ U/AB
    • b
    • Język katalogowania
    • pol
    • e
    • Zasady katalogowania
    • rda
    • c
    • Instytucja, która sporządziła rekord (NP)
    • SZCZ U/ABs
044 -Kraj miejsca wydania [ , ]
    • a
    • Kraj miejsca wydania
    • Niemcy
    • a
    • Kraj miejsca wydania
    • Austria
942 -Rodzaj dokumentu [ , ]
    • c
    • Rodzaj dokumentu
    • Książka
100 -Hasło główne - nazwa osobowa [1, ]
    • a
    • Nazwa osobowa (NP)
    • Müller, Bernd
    • c
    • Dopowiedzenie inne niż daty biograficzne (P)
    • (filologia germańska).
    • e
    • Rodzaj współpracy
    • Autor
    • 9
    • KHW
    • 646049
245 -Strefa tytułu i oznaczenia odpowiedzialności [1,0]
    • a
    • Tytuł
    • "Denn es ist noch nichts geschehen" : Find
    • b
    • Ciąg dalszy tytułu (NP)
    • Walter Benjamins Kafka-Deutung / Find
    • c
    • Pozostałe elementy strefy tytułu i oznaczenia odpowiedzialności (NP)
    • Bernd Müller.
246 -Wariant tytułu [1,8]
    • a
    • Tytuł (NP)
    • "Denn es ist noch nichts geschehen"
260 -Strefa adresu wydawniczego [ , ]
    • a
    • Miejsce wydania (P)
    • Köln ;
    • a
    • Miejsce wydania (P)
    • Weimar ;
    • a
    • Miejsce wydania (P)
    • Wien :
    • b
    • Nazwa wydawcy (P)
    • Böhlau Verlag,
    • c
    • Data wydania (P)
    • 1996.
300 -Strefa opisu fizycznego [ , ]
    • a
    • Określenie formy książki i/lub objętość (NP)
    • [8], 291 stron ;
    • c
    • Format (NP)
    • 23 cm.
336 -Typ zawartości [ , ]
    • a
    • Termin opisujący typ zawartości
    • Tekst
    • b
    • Kod określający zawartość
    • txt
    • 2
    • Źródło (terminu i kodu)
    • rdacontent
337 -Typ mediów [ , ]
    • a
    • Tryb odtwarzania
    • Bez urządzenia pośredniczącego
    • b
    • Kod typu mediów
    • n
    • 2
    • Źródło (terminu i kodu)
    • rdamedia
338 -Typ/rodzaj nośnika [ , ]
    • a
    • Hasło opisujące typ nośnika
    • Wolumin
    • b
    • Kod typu nośnika
    • nc
    • 2
    • Źródło (terminu i kodu)
    • rdacarrier
490 -Strefa serii i książki wielotomowej - forma nie do wyszukiwania [1, ]
    • a
    • Tytuł (P)
    • Europäische Kulturstudien ; Find
    • v
    • Numeracja (P)
    • Bd. 7
830 -Hasło dodatkowe serii i opisu książki wielotomowej - tytuł ujednolicony/tytuł [ ,0]
    • a
    • Tytuł ujednolicony/tytuł (NP)
    • Europäische Kulturstudien
    • v
    • Oznaczenie tomu (NP)
    • Bd. 7
    • 9
    • KHW
    • 646050
502 -Uwaga dot. dysertacji [ , ]
    • a
    • Uwaga dot. dysertacji
    • Praca doktorska. Universität Osnabrück, 1995.
504 -Uwaga dot. bibliogr. załącznikowej [ , ]
    • a
    • Uwaga dot. bibliografii załącznikowej
    • Bibliografia na stronach 281-291.
080 -Uniwersalna Klasyfikacja Dziesiętna [ , ]
    • a
    • Symbol klasyfikacji
    • 830(436)(091)"18/19"Kafka F.=30
080 -Uniwersalna Klasyfikacja Dziesiętna [ , ]
    • a
    • Symbol klasyfikacji
    • :82.091=30
600 -Hasło przedmiotowe w formie nazwy osobowej [1,7]
    • a
    • Nazwa osobowa
    • Kafka, Franz
    • d
    • Daty związane z nazwą
    • (1883-1924)
    • x
    • Określnik rzeczowy
    • krytyka i interpretacja.
    • 2
    • Źródło terminu
    • kaba
    • 9
    • KHW
    • 371444
600 -Hasło przedmiotowe w formie nazwy osobowej [1,7]
    • a
    • Nazwa osobowa
    • Kafka, Franz
    • d
    • Daty związane z nazwą
    • (1883-1924)
    • x
    • Określnik rzeczowy
    • wpływ.
    • 2
    • Źródło terminu
    • kaba
    • 9
    • KHW
    • 484267
600 -Hasło przedmiotowe w formie nazwy osobowej [1,7]
    • a
    • Nazwa osobowa
    • Kafka, Franz
    • d
    • Daty związane z nazwą
    • (1883-1924)
    • x
    • Określnik rzeczowy
    • i Żydzi
    • v
    • Określnik formalny
    • rozprawy akademickie.
    • 2
    • Źródło terminu
    • kaba
    • 9
    • KHW
    • 646099
600 -Hasło przedmiotowe w formie nazwy osobowej [1,7]
    • a
    • Nazwa osobowa
    • Benjamin, Walter
    • d
    • Daty związane z nazwą
    • (1892-1940)
    • x
    • Określnik rzeczowy
    • krytyka i interpretacja.
    • 2
    • Źródło terminu
    • kaba
    • 9
    • KHW
    • 386958
980 -Symbol UKD [ , ]
    • a
    • UKD
    • 830(436)(091)"18/19"Kafka F.:82.091]=30
710 -Hasło dodatkowe - nazwa ciała zbiorowego [2, ]
    • a
    • Nazwa ciała zbiorowego lub nazwa geograficzna jako pierwszy element (NP)
    • Böhlau Verlag.
    • e
    • Rodzaj współpracy
    • Wydawca
    • 4
    • Kod relacji
    • pbl
    • 9
    • KHW
    • 71723
920 -ISBN [ , ]
    • a
    • ISBN
    • 3-412-13695-6 Find
Sygnatura Lokalizacja Data inwentaryzacji Status udost. Numer inwentarzowy
Germ. Literaturoznawstwo 19BM2001-05-11-3G.15604